000
00336nam a22001457a 4500
008
250423b ||||| |||| 00| 0 eng d
020
_a
9780745642819
041
_a
eng
080
_2
2013
_a
612GUP
082
_2
612GUP
_a
612GUP
100
_a
16
101
_a
BIOTEKLONOGJI
245
_a
FOOD SOCIETY
_c
AMY E.GUPTILL
942
_2
udc
_c
BK
999
_c
60689
_d
60689